UBT Library

THE GALE ANCYCLOPEDIA OF GENETIC DISORDERS (Record no. 59772)

000 -LEADER
fixed length control field 00350nam a22001457a 4500
008 - FIXED-LENGTH DATA ELEMENTS--GENERAL INFORMATION
fixed length control field 230518b ||||| |||| 00| 0 eng d
020 ## - INTERNATIONAL STANDARD BOOK NUMBER
International Standard Book Number 9781414476049
041 ## - LANGUAGE CODE
Language code of text/sound track or separate title eng
080 ## - UNIVERSAL DECIMAL CLASSIFICATION NUMBER
Edition identifier THIRD EDITION
Universal Decimal Classification number 030
082 ## - DEWEY DECIMAL CLASSIFICATION NUMBER
Classification number 030APP
100 ## - Rafti
Rafti 44
101 ## - Shkurtesa
Shkurtesa ENCIK
245 ## - TITLE STATEMENT
Title THE GALE ANCYCLOPEDIA OF GENETIC DISORDERS
Statement of responsibility, etc APPENDIX
942 ## - ADDED ENTRY ELEMENTS (KOHA)
Source of classification or shelving scheme
Item type Books
Holdings
Withdrawn status Lost status Source of classification or shelving scheme Damaged status Not for loan Collection code Permanent location Current location Date acquired Total Checkouts Full call number Barcode Date last seen Price effective from Koha item type
          Koleksioni i përgjithshem UBT - Lipjan UBT - Lipjan 05/18/2023   030APP 002-800080314 05/18/2023 05/18/2023 Books
          Koleksioni i përgjithshem UBT - Lipjan UBT - Lipjan 05/18/2023   030APP 002-800080315 05/18/2023 05/18/2023 Books
UBT Library © 2015-2024. All rights reserved University Education for Business and Technology